00341nam a2200133Ia 4500008004100000100001600041245006800057250000600125260003300131260000900164300000800173365000700181999001900188151001s9999||||xx |||||||||||||| ||und|| ap t gyamtso athe history religon culture and thaditins of bhutia communties  a1 bkastari bhattacharya kolkata c2011 a128 b21 c999167d999164